Spon's external works and landscape price book 2008 (Record no. 107993)

MARC details
000 -LEADER
fixed length control field 01315cam a22003135a 4500
001 - CONTROL NUMBER
control field L142819
008 - FIXED-LENGTH DATA ELEMENTS--GENERAL INFORMATION
fixed length control field 080311s2008 xxkd f 001 0 eng d
020 ## - INTERNATIONAL STANDARD BOOK NUMBER
International Standard Book Number 9780415424448
-- 0415424445
022 1# - INTERNATIONAL STANDARD SERIAL NUMBER
International Standard Serial Number 0267-4181
035 ## - SYSTEM CONTROL NUMBER
System control number (Sirsi) u142819
041 0# - LANGUAGE CODE
Language code of text/sound track or separate title eng
050 04 - LIBRARY OF CONGRESS CALL NUMBER
Classification number 712.3 $2 18
110 2# - MAIN ENTRY--CORPORATE NAME
Corporate name or jurisdiction name as entry element Davis Langdon
9 (RLIN) 4649
245 00 - TITLE STATEMENT
Title Spon's external works and landscape price book 2008
250 ## - EDITION STATEMENT
Edition statement 27th ed.
260 ## - PUBLICATION, DISTRIBUTION, ETC.
Place of publication, distribution, etc. Abingdon
Name of publisher, distributor, etc. Taylor Francis
Date of publication, distribution, etc. 2008
300 ## - PHYSICAL DESCRIPTION
Extent xxviii, 464p.
Dimensions 26cm.
350 ## - PRICE (NR) (BK AM CF MU VM SE) [OBSOLETE]
Price 105
505 2# - FORMATTED CONTENTS NOTE
Formatted contents note General -- Approximate estimates: major works -- Prices for measured works: major works -- Approximate estimates: minor works -- Prices for measured works: minor works -- Fees for professional services -- Rates of wages -- Daywork and prime cost -- Tables and memoranda
520 ## - SUMMARY, ETC.
Summary, etc. Provides a comprehensive source of information for detailed landscape and external works costs, covering all the items to be found in hard and soft landscape contracts.
520 ## - SUMMARY, ETC.
Summary, etc. Supersedes 26th edition (ISBN 0415393841).
520 ## - SUMMARY, ETC.
Summary, etc. Superseded by 28th edition (ISBN 9780415465595 ).
521 2# - TARGET AUDIENCE NOTE
Target audience note Advanced
651 #4 - SUBJECT ADDED ENTRY--GEOGRAPHIC NAME
Geographic name United Kingdom
Chronological subdivision
690 ## - LOCAL SUBJECT ADDED ENTRY--TOPICAL TERM (OCLC, RLIN)
Topical term or geographic name as entry element BUILT ENVIRONMENT-BUILDING COSTS
710 2# - ADDED ENTRY--CORPORATE NAME
Corporate name or jurisdiction name as entry element LandPro Ltd Landscape Chartered Surveyors
9 (RLIN) 4654
942 ## - ADDED ENTRY ELEMENTS (KOHA)
Suppress in OPAC 0
Holdings
Withdrawn status Lost status Source of classification or shelving scheme Damaged status Not for loan Home library Current library Shelving location Date acquired Cost, normal purchase price Total Checkouts Full call number Barcode Date last seen Copy number Cost, replacement price Price effective from Koha item type
    Dewey Decimal Classification     London London Books 18/03/2008 105.00   712.3 SPO 30072710 23/04/2008 1 105.00 06/08/2019 Reference material